000 00419nam a2200169Ia 4500
008 230711s9999||||xx |||||||||||||| ||und||
020 _a978-81-7371-028-5
041 _aENG
082 _a621.902
_bKU-P
100 _aKuppuswamy,G
245 0 _aPrinciples of metal cutting
250 _a1st Ed.
260 _c2013
_aNew Delhi
_bUniversities Press
300 _a236p.
650 _aMechanical Engineering
942 _cBK
999 _c5912
_d5912